[Event "Feffernitz Raika op 22nd"]
[Site "Feffernitz"]
[Date "2013.08.22"]
[Round "6"]
[White "Zeuner, Michael"]
[Black "Panada, Valter"]
[Result "1-0"]
[WhiteElo "2164"]
[BlackElo "1838"]
[PlyCount "61"]
[EventDate "2013.08.18"]
[EventType "swiss"]
[EventRounds "9"]
[EventCountry "AUT"]
[SourceTitle "CBM 156 Extra"]
[Source "ChessBase"]
[SourceDate "2013.10.22"]
[SourceVersion "1"]
[SourceVersionDate "2013.10.22"]
[SourceQuality "1"]

1. g3 d5 2. Bg2 Nf6 3. c4 e6 4. Nf3 Be7 5. 0-0 0-0 6. d4 a6 7. Nc3 dxc4 8. Ne5 Nbd7 9. Nxc4 c6 10. e4 Nb6 11. b3 Nxc4 12. bxc4 Qa5 13. Bb2 Rd8 14. e5 Ne8 15. c5 Qb4 16. Na4 Bxc5 17. a3 Qb5 18. Rb1 Ba7 19. Qc2 Qa5 20. Rfd1 Bd7 21. Nc5 Qc7 22. Ne4 c5 23. d5 exd5 24. Ng5 g6 25. Bxd5 Bf5 26. Qb3 Rxd5 27. Rxd5 Bxb1 28. e6 f6 29. Rd7 Qe5 30. Bxe5 Bf5 31. Rxh7 1-0

[Event "Feffernitz Raika op 22nd"]
[Site "Feffernitz"]
[Date "2013.08.18"]
[Round "1"]
[White "Praznik, Niko"]
[Black "Panada, Valter"]
[Result "1-0"]
[WhiteElo "2347"]
[BlackElo "1838"]
[PlyCount "97"]
[EventDate "2013.08.18"]
[EventType "swiss"]
[EventRounds "9"]
[EventCountry "AUT"]
[SourceTitle "CBM 156 Extra"]
[Source "ChessBase"]
[SourceDate "2013.10.22"]
[SourceVersion "1"]
[SourceVersionDate "2013.10.22"]
[SourceQuality "1"]

1. c4 e5 2. g3 Nf6 3. Bg2 Nc6 4. Nc3 Bb4 5. Nd5 0-0 6. Nxb4 Nxb4 7. a3 Nc6 8. b4 d6 9. d3 h6 10. Nf3 Be6 11. Bb2 Rb8 12. 0-0 Qd7 13. Rc1 b6 14. d4 Nxd4 15. Nxd4 exd4 16. Qxd4 Bh3 17. Qf4 Bxg2 18. Kxg2 Qg4 19. Bxf6 Qxf4 20. gxf4 gxf6 21. Kf3 f5 22. Rcd1 Kg7 23. Rg1+ Kf6 24. Rg3 Rg8 25. Rh3 Rg6 26. Rd5 Ke6 27. Rh5 Rf6 28. Ke3 c6 29. Rd1 a6 30. Rg1 Rh8 31. Kd4 Rg6 32. Rg3 Rxg3 33. hxg3 Kf6 34. f3 Kg6 35. g4 Re8 36. e4 fxg4 37. fxg4 f6 38. a4 c5+ 39. bxc5 dxc5+ 40. Ke3 Rc8 41. Rd5 Rc6 42. Rd8 a5 43. f5+ Kg5 44. Rg8+ Kh4 45. Kf4 Rd6 46. Rh8 Kh3 47. Rxh6+ Kg2 48. g5 b5 49. Rxf6 1-0

[Event "Provaglio Primavera op"]
[Site "Provaglio"]
[Date "2013.04.19"]
[Round "7"]
[White "Panada, Valter"]
[Black "Frugoni, Giulio"]
[Result "1-0"]
[WhiteElo "1850"]
[BlackElo "1615"]
[PlyCount "41"]
[EventDate "2013.03.08"]
[EventType "swiss"]
[EventRounds "7"]
[EventCountry "ITA"]
[SourceTitle "EXT 2014"]
[Source "ChessBase"]
[SourceDate "2013.11.20"]
[SourceVersion "1"]
[SourceVersionDate "2013.11.20"]
[SourceQuality "1"]

1. e4 e5 2. Nf3 Nc6 3. Bc4 Be7 4. 0-0 Nf6 5. Nc3 0-0 6. a3 Bc5 7. d3 d6 8. Bg5 Bg4 9. Nd5 Nd4 10. Bxf6 Nxf3+ 11. gxf3 gxf6 12. fxg4 f5 13. gxf5 Qh4 14. Qf3 Kh8 15. Ne3 Rg8+ 16. Kh1 Rg5 17. Rg1 Rh5 18. Rg2 Bxe3 19. Qxe3 Qf6 20. Rag1 c6 21. Qg3 1-0